000
00296nam a2200109Ia 4500
008
201217s9999 xx 000 0 und d
100
_a
Martin, James
245
0
_a
Information Engineering : Design and Construction ( Book III )
260
_a
New Jersey
_b
Prentice-Hall
300
_a
625
942
_c
BK
999
_c
8146
_d
8146